Council tax for second and empty homes (Record no. 69288)

MARC details
000 -LEADER
fixed length control field 00889cam a2200217 4500
001 - CONTROL NUMBER
control field WB3802-36
008 - FIXED-LENGTH DATA ELEMENTS--GENERAL INFORMATION
fixed length control field 020116n2002 000 0 eng u
035 ## - SYSTEM CONTROL NUMBER
System control number (Sirsi) u116313
245 ## - TITLE STATEMENT
Title Council tax for second and empty homes
260 ## - PUBLICATION, DISTRIBUTION, ETC.
Date of publication, distribution, etc. 2002
490 ## - SERIES STATEMENT
Series statement RICS Residential Faculty News
Volume/sequential designation 14 January 2002, (1)
520 ## - SUMMARY, ETC.
Summary, etc. A DTLR consultation paper outlinesproposed changes for collection of council tax on second homes and long term empty homes. The changes require primary legislation and would apply to England only. Comments should be sent to Barbara Paterson, LGF2, DTLR, Zone5/H5, Eland House, Bressenden Place, London, SW1R 5DY; E: [email protected] by 15 February 2002.
590 ## - LOCAL NOTE (RLIN)
Local note WB
650 ## - SUBJECT ADDED ENTRY--TOPICAL TERM
Topical term or geographic name entry element COUNCIL TAX
650 ## - SUBJECT ADDED ENTRY--TOPICAL TERM
Topical term or geographic name entry element SECOND HOMES
650 ## - SUBJECT ADDED ENTRY--TOPICAL TERM
Topical term or geographic name entry element EMPTY HOMES
650 ## - SUBJECT ADDED ENTRY--TOPICAL TERM
Topical term or geographic name entry element LOCAL AUTHORITIES
650 ## - SUBJECT ADDED ENTRY--TOPICAL TERM
Topical term or geographic name entry element HOUSING
690 ## - LOCAL SUBJECT ADDED ENTRY--TOPICAL TERM (OCLC, RLIN)
Topical term or geographic name as entry element TAXATION
942 ## - ADDED ENTRY ELEMENTS (KOHA)
Suppress in OPAC 0
Holdings
Withdrawn status Lost status Source of classification or shelving scheme Damaged status Not for loan Home library Current library Shelving location Date acquired Total Checkouts Full call number Barcode Date last seen Copy number Price effective from Koha item type
    Dewey Decimal Classification     London London News article 16/01/2002   WB3802-36 116313-1001 06/08/2019 1 06/08/2019 News article